000 00418nam a2200181Ia 4500
001 14187
005 20260306164856.0
008 260306t2015||||xx |||||||||||||| ||spa||
041 _aESP
082 _a510
_bR93-1
100 _aRuiz Jiménez, Maria José
_eAUT
245 0 _aMatemáticas I
260 _c2015
300 _a405 páginas :
_c27 cm.
650 _aGEN
654 _aCMA
942 _cLIB
_dJUS
_fJUS
_2ddc
_n
999 _c14187
_d14187